000 00534nam a2200181Ia 4500
005 20250326125312.0
008 250326s9999 xx 000 0 und d
037 _aTextbook
040 _aFMSL
_beng
_cFMSL
041 _aeng
_2eng
084 _aX72:44:u L7
_qFMSL
100 _aR B I
245 0 _aIndebtedness of rural households and availability of institutional fice
_cR B I
260 _aBombay
_bBombay, Reserve Bank Of India
_c1977
300 _a228p
942 _cTB
_hX72:44:u L7
999 _c1277430
_d1277430